Đồ án tốt nghiệp kiến trúc sư Khoa Kiến trúc

Tài liệu bao gồm các đồ án tốt nghiệp xuất sắc của các kiến trúc sư Trường Đại học Kiến trúc Hà Nội. Các đồ án thể hiện sự đa dạng về phong cách và thống nhất về mục tiêu sáng tạo trong phương châm đào tạo của các kiến trúc sư....

ver descrição completa

Na minha lista:
Detalhes bibliográficos
Nhiều tác giả của công ty: Trường Đại học Kiến trúc Hà Nội, Khoa Kiến trúc
Formato: Livro
Idioma:Undetermined
Publicado em: Hà Nội Xây dựng 2011
Assuntos:
Tags: Adicionar Tag
Sem tags, seja o primeiro a adicionar uma tag!
Thư viện lưu trữ: Trung tâm Học liệu Trường Đại học Cần Thơ
LEADER 01110nam a2200217Ia 4500
001 CTU_168524
008 210402s9999 xx 000 0 und d
020 |c 100000 
082 |a 720.222 
082 |b Tr561 
110 |a Trường Đại học Kiến trúc Hà Nội 
110 |b Khoa Kiến trúc 
245 0 |a Đồ án tốt nghiệp kiến trúc sư Khoa Kiến trúc 
245 0 |c Trường Đại học Kiến trúc Hà Nội. Khoa Kiến trúc 
260 |a Hà Nội 
260 |b Xây dựng 
260 |c 2011 
520 |a Tài liệu bao gồm các đồ án tốt nghiệp xuất sắc của các kiến trúc sư Trường Đại học Kiến trúc Hà Nội. Các đồ án thể hiện sự đa dạng về phong cách và thống nhất về mục tiêu sáng tạo trong phương châm đào tạo của các kiến trúc sư. 
650 |a Architectural drawing,Bản vẽ kiến trúc 
904 |i Bạch Trúc 
980 |a Trung tâm Học liệu Trường Đại học Cần Thơ